Paroles "Auteuil-Neuilly-Passy" des Inconnus - Statistiques

Statistiques générales
  • Ce quiz a été pris 929 fois
  • Le résultat moyen est 238 sur 371
Statistiques - réponses
Réponse % Correct
à
99%
a
99%
pas
99%
ne
98%
98%
Neuilly
97%
Auteuil
96%
est
96%
Passy
96%
notre
95%
ce
94%
Du
94%
du
94%
bien
92%
c'est
92%
tel
92%
ghetto
91%
ma
91%
gâteau
89%
je
89%
de
88%
tu
88%
la
85%
salut
85%
vas
84%
me
77%
et
76%
mon
74%
Ferrari
73%
sûr
72%
un
72%
le
71%
petit
71%
trop
71%
en
70%
ans
69%
conduire
69%
déjà
69%
j'étais
69%
moi
69%
j'avais
68%
Pré
67%
5
66%
dans
65%
demi
65%
des
65%
j'pouvais
65%
m'appelle
64%
63%
63%
présente
62%
vie
60%
coin
59%
duc
58%
quartier
58%
zut
58%
Marie-Chantal
57%
sais
57%
envie
56%
flûte
56%
j'habite
56%
nom
56%
ou
56%
pour
56%
y
56%
j'ai
55%
mal
55%
mec
55%
crotte
54%
mais
54%
que
54%
révolte
54%
papa
53%
arabe
52%
ni
52%
si
52%
crier
51%
marre
51%
peu
51%
pote
51%
chier
50%
dire
49%
Hubert
49%
paumé
49%
suis
49%
Pat
48%
Stanislas
48%
les
47%
boîte
46%
croix
46%
Patrick
46%
hôtel
45%
bannière
44%
Euromarché
44%
faire
44%
filles
44%
on
44%
quelle
44%
Valéry
44%
as-tu
43%
baisées
43%
particulier
43%
pétasses
42%
saisi
42%
tout
42%
Charles-Henry
40%
coincées
40%
sustenter
40%
nous
39%
baise-main
38%
enfin
38%
Montmorency
38%
n'a
38%
tracé
38%
alors
37%
avenir
37%
Chantal
37%
pire
37%
qui
37%
travaille
37%
voulais
37%
cas
36%
fils
36%
frère
36%
Marie-Sophie
36%
ouais
36%
caviar
35%
veux
35%
côtoyer
34%
HEC
34%
il
34%
l'appareil
34%
unique
33%
reprenne
31%
Ségolène
31%
sommes
31%
système
31%
vous
31%
faudra
30%
quand
30%
être
28%
t'es
28%
vrai
28%
d'une
27%
gros
27%
ici
27%
l'ENA
27%
plus
27%
problèmes
27%
subir
27%
Eglantine
26%
Mylène
26%
peut
26%
voyou
26%
choix
25%
eh
25%
Gwendoline
25%
jamais
25%
loi
25%
non
25%
saumon
25%
Science Po
25%
famille
24%
issus
24%
marché
24%
oui
23%
souffert
23%
hors
22%
souffrir
22%
tous
22%
n'avez
21%
qu'on
21%
société
19%
Fauchon
18%
faut
18%
capitaliste
17%
Sylvie
17%
savoir
15%
produits
14%
sortir
14%
économique
13%
carcan
12%
fluctuations
12%
privées
12%
boîtes
11%
boursières
10%
déstabilisent
10%
Hédiard
9%
dépendante
7%
Aucun quiz correspondant
Distribution des résultats
% des personnes avec chaque résultat
Percentile par nombre de réponses
Votre historique - résultats
Vous n’avez pas pris ce quiz